000 00940cam a2200301 a 4500
001 000003771
003 DO-SdBNP
005 20220721110327.0
007 ta
008 000106s2000 fl er 000 f spa d
020 _a0789907550
040 _aDO-SdBNP
_bspa
_cBNPHU
041 _hspa
082 4 _a813.54
_bL183p
_222
100 1 _aLaHaye, Tim F.,
_d1926-
_911476
240 1 4 _aThe indwelling.
_lEspañol
245 1 3 _aEl poseído :
_bla bestia toma posesión /
_cTim LaHaye, Jerry B. Jenkins ; traducido por Nellyda Rivera.
260 _aMiami, Florida :
_bEditorial Unilit,
_c2000
300 _a344 p. ;
_c21 cm.
590 _aInventariado 2022 / MF
650 4 _aNovela de Ciencia-Ficción Estadounidense
_94543
650 4 _aLiteratura estadounidense
_9263
650 4 _aNovela estadounidense
_9262
700 1 _aJenkins, Jerry B.
_910556
700 1 _aRivera, Nellyda,
_etrad.
_981248
910 _aMFeliz
942 _2ddc
_cLBS1
999 _c3593
_d3593